000 01323cam a2200409 a 4500
001 20414
003 VRT
005 20260122122849.0
008 251029s1991 xr o g 000 0dcze
015 _aSNBA1991
020 _a8020602771
_q(brož.)
035 _aSNK000072402
035 _aurn:nbn:sk:snk-amjbjd
035 _aurn:nbn:sk:snk-am003qdl
035 _a4169F204-FE23-431C-83AE-6DD6A672D7AF
039 9 _a202510291159
_bVLOAD
_c202403181923
_dVLOAD
_c202402261923
_dVLOAD
_c201712011029
_dVLOAD
040 _aSNK
_bslo
_cSNK
_eAACR2
041 0 _acze
044 _axr
_cCZ
080 _a929 Smrkovský, J.
_21981
080 _a32(437.1)(091)Smrkovský, J.
_21981
100 1 _aVrabec, Václav
_4aut
245 1 0 _aVybočil z řady
_cVáclav Vrabec
250 _a1. vyd.
260 _aPraha
_bNaše vojsko
_c1991
_ePraha
_fNaše vojsko
300 _a189 s., [8] s. fotogr. príl.
_bfotogr.
_c20 cm
490 1 _aDokumenty
_vsv. 223
600 1 7 _aSmrkovský, Josef
_2SNKMA
650 0 7 _apolitická činnosť
_2SNKPH
655 7 _amonografie
_2SNKPH
830 0 _aDokumenty
942 _2ddc
_cOLDO
_n0
949 _60133072982
_asnmk
_bsnmk72982
949 _617A0164213
_asnkSC 80510 D1
_bsnkKIP 8860/91
_s6100:20140925
949 _617A0946023
_asnkSC 80510
999 _c20414
_d20414